ბათუმის შოთა რუსთაველის სახელმწიფო უნივერსიტეტის ბიბლიოთეკა

მიკროეკონომიკის საფუძვლები:წარმოების, მოთხოვნისა და საბაზრო თეორიის შესავალი:–Grundlagen der Mikrookonomie / (ბიბ.ჩანაწერი № 36862)

000 -ლიდერი
ფიქსირებული სიგრძის საკონტროლო ველი 01429nam a2200289Ia 4500
001 - საკონტროლო ნომერი
საკონტროლო ველი 2811
003 - საკონტროლო ნომრის იდენტიფიკატორი
საკონტროლო ველი GE_BSU
005 - ბოლო ოპერაციის თარიღი და დრო
საკონტროლო ველი 20190506101755.0
008 - ფიქსირებული სიგრძის მონაცემთა ელემენტები - ზოგადი ინფორმაცია
ფიქსირებული სიგრძის საკონტროლო ველი 181216s1998||||ge |||||||||||||| ||geo||
020 ## - წიგნის საერთაშორისო სტანდარტული ნომერი
International Standard Book Number 3800618508
040 ## - კატალოგიზაციის წყარო
Transcribing agency GE_BSU
041 ## - ენის კოდი
Language code of text/sound track or separate title geo
080 ## - უნივერსალური ათობითი კლასიფიკაციის ინდექსი
Universal Decimal Classification number 330.101.542 ფ–39
100 ## - მთავარი ჩანაწერი - პიროვნების სახელი
Personal name ფელი, ულრიხ
9 (RLIN) 721
245 ## - ცნობა სათაურის შესახებ
Title მიკროეკონომიკის საფუძვლები:წარმოების, მოთხოვნისა და საბაზრო თეორიის შესავალი:–Grundlagen der Mikrookonomie /
Statement of responsibility, etc ულრიხ , ფელი ; პეტერ ობრენდერი ; გერმ.თარგმნ: ბადრი გელიტაშვილმა, რედ : მაკა ღაღანიძე
264 ## - წარმოების, გამოცემის, დისტრიბუციის და სხვა ცნობები
გამოცემის, წარმოების, დისტრიბუციის... ადგილი თბილისი .:
გამოცემის, წარმოების, დისტრიბუციის... სახელწოდება "ხელოვნება" ,
გამოცემის, წარმოების, დისტრიბუციის... თარიღი 1998.
300 ## - ფიზიკური აღწერა
Extent 451 გვ ;
Dimensions 24 სმ.
300 ## - ფიზიკური აღწერა
Accompanying material ბიბლიოგრ: გვ. 441
504 ## - BIBLIOGRAPHY, ETC. NOTE
Bibliography, etc ბიბლიოგრ: გვ. 441
653 ## - INDEX TERM--UNCONTROLLED
Uncontrolled term მიკროეკონომიკა
653 ## - INDEX TERM--UNCONTROLLED
Uncontrolled term ეკონომიკა
700 ## - ADDED ENTRY--PERSONAL NAME
Personal name ობრენდერი , პეტერ
9 (RLIN) 722
700 ## - ADDED ENTRY--PERSONAL NAME
Personal name გელიტაშვილი, ბადრი
Relator term მთარგმნელი
9 (RLIN) 723
700 ## - ADDED ENTRY--PERSONAL NAME
Personal name ღაღანიძე , მაკა
9 (RLIN) 724
942 ## - ADDED ENTRY ELEMENTS (KOHA)
Koha item type წიგნი
Source of classification or shelving scheme
ეგზემპლარები
ჩამოწერის სტატუსი დაკარგული ეგზემპლარის სტატუსი კლასიფიკაციის წყარო ან თაროზე გაწყობის სქემა დაზიანების სტატუსი არ გაიცემა მუდმივი მდებარეობა (დაცვის ადგილი) ამჟამინდელი ადგილსამყოფელი თაროზე განთავსების ადგილი შეძენის თარიღი ღირებულება, შესყიდვის ნორმალური ფასი სრული შენახვის შიფრი შტრიხკოდი ბოლო ოპერაციის თარიღი ეგზემპლარის მიმდევრობითი ნომერი (კეტერი?) ფასის ძალაში შესვლის თარიღი ეგზემპლარის სახეობა საჯარო შენიშვნა
          ბათუმის შოთა რუსთაველის სახელმწიფო უნივერსიტეტის მთავარი ბიბლიოთეკა ბათუმის შოთა რუსთაველის სახელმწიფო უნივერსიტეტის მთავარი ბიბლიოთეკა წიგნსაცავი 2018-12-17 30.00 330.101.542 ფ–39 7688 2018-12-17 7688 2018-12-17 წიგნი 30 ლ.
          ბათუმის შოთა რუსთაველის სახელმწიფო უნივერსიტეტის მთავარი ბიბლიოთეკა ბათუმის შოთა რუსთაველის სახელმწიფო უნივერსიტეტის მთავარი ბიბლიოთეკა წიგნსაცავი 2018-12-17 30.00 330.101.542 ფ–39 7693 2018-12-17 7693 2018-12-17 წიგნი 30 ლ.
          ბათუმის შოთა რუსთაველის სახელმწიფო უნივერსიტეტის მთავარი ბიბლიოთეკა ბათუმის შოთა რუსთაველის სახელმწიფო უნივერსიტეტის მთავარი ბიბლიოთეკა წიგნსაცავი 2019-05-06 30.00 330.101.542 ფ–39 7689 2019-05-06 7689 2019-05-06 წიგნი 30 ლ.
          ბათუმის შოთა რუსთაველის სახელმწიფო უნივერსიტეტის მთავარი ბიბლიოთეკა ბათუმის შოთა რუსთაველის სახელმწიფო უნივერსიტეტის მთავარი ბიბლიოთეკა წიგნსაცავი 2019-05-06 30.00 330.101.542 ფ–39 7690 2019-05-06 7690 2019-05-06 წიგნი 30.00
          ბათუმის შოთა რუსთაველის სახელმწიფო უნივერსიტეტის მთავარი ბიბლიოთეკა ბათუმის შოთა რუსთაველის სახელმწიფო უნივერსიტეტის მთავარი ბიბლიოთეკა წიგნსაცავი 2019-05-06 30.00 330.101.542 ფ–39 7691 2019-05-06 7691 2019-05-06 წიგნი 30 ლ.
          ბათუმის შოთა რუსთაველის სახელმწიფო უნივერსიტეტის მთავარი ბიბლიოთეკა ბათუმის შოთა რუსთაველის სახელმწიფო უნივერსიტეტის მთავარი ბიბლიოთეკა წიგნსაცავი 2019-05-06 30.00 330.101.542 ფ–39 7692 2019-05-06 7692 2019-05-06 წიგნი 30 ლ.